Event processing : (Record no. 22320)
[ view plain ]
| 000 -LEADER | |
|---|---|
| fixed length control field | 01057nam a2200265 a 4500 |
| 005 - DATE AND TIME OF LATEST TRANSACTION | |
| control field | 20140310183401.0 |
| 008 - FIXED-LENGTH DATA ELEMENTS--GENERAL INFORMATION | |
| fixed length control field | 121004s19uu xx 00 eng d |
| 020 ## - INTERNATIONAL STANDARD BOOK NUMBER | |
| International Standard Book Number | 9780071633505 |
| 050 ## - LIBRARY OF CONGRESS CALL NUMBER | |
| Classification number | TK 5105.5828 |
| Item number | .C361 2010 |
| 100 ## - MAIN ENTRY--PERSONAL NAME | |
| Personal name | Chandy, K. Mani |
| 245 ## - TITLE STATEMENT | |
| Title | Event processing : |
| Remainder of title | designing IT systems for agile companies / |
| Statement of responsibility, etc | K. Mani Chandy, W. Roy Schulte. |
| 260 ## - PUBLICATION, DISTRIBUTION, ETC. (IMPRINT) | |
| Place of publication, distribution, etc | New York, United States : |
| Name of publisher, distributor, etc | McGraw Hill, |
| Date of publication, distribution, etc | 2010. |
| 300 ## - PHYSICAL DESCRIPTION | |
| Extent | 235 p. : |
| 500 ## - GENERAL NOTE | |
| General note | Includes bibliographical references (p. 215-218) and index. |
| 520 ## - SUMMARY, ETC. | |
| Summary, etc | This book explains, step-by-step, how to design, deploy, and use event-processing (EP) systems to detect and respond to business anomalies, threats, and opportunities. |
| 521 ## - TARGET AUDIENCE NOTE | |
| Target audience note | |
| 650 ## - SUBJECT ADDED ENTRY--TOPICAL TERM | |
| Topical term or geographic name as entry element | Service-oriented architecture (Computer science) |
| 650 ## - SUBJECT ADDED ENTRY--TOPICAL TERM | |
| Topical term or geographic name as entry element | Event processing (Computer science) |
| 650 ## - SUBJECT ADDED ENTRY--TOPICAL TERM | |
| Topical term or geographic name as entry element | Discrete-time systems |
| 650 ## - SUBJECT ADDED ENTRY--TOPICAL TERM | |
| Topical term or geographic name as entry element | Business |
| General subdivision | Data processing |
| 650 ## - SUBJECT ADDED ENTRY--TOPICAL TERM | |
| Topical term or geographic name as entry element | Business enterprises |
| General subdivision | Computer networks |
| 700 ## - ADDED ENTRY--PERSONAL NAME | |
| Personal name | Schulte, W. Roy |
| 942 ## - ADDED ENTRY ELEMENTS (KOHA) | |
| Koha item type | Books |
| Source of classification or shelving scheme | Library of Congress Classification |
| Call number prefix | Foreign |
| Withdrawn status | Lost status | Source of classification or shelving scheme | Damaged status | Home library | Current library | Shelving location | Date acquired | Source of acquisition | Cost, normal purchase price | Total Checkouts | Full call number | Barcode | Date last seen | Copy number | Price effective from | Koha item type |
|---|---|---|---|---|---|---|---|---|---|---|---|---|---|---|---|---|
| Library of Congress Classification | College Library | College Library | General Circulation Section | 10/04/2012 | Donation | 4246.00 | TK 5105.5828 .C361 2010 | C16235 | 05/15/2018 | 1 | 10/10/2013 | Books |